000 00334 a2200157 4500
001 58903
020 _a8508032552
040 _cAnchieta - Pituba
100 _aCorrĂȘa, Roberto Lobato
240 1 0 _aA rede urbana
_lpor
245 1 0 _aA rede urbana
300 _a96
362 0 _a1989
650 4 _aGeografia e viagens
942 _cBK
999 _c58903
_d58903